Normal view
MARC view
Entry Personal Name
001 - CONTROL NUMBER
- control field: 1795
003 - CONTROL NUMBER IDENTIFIER
- control field: OSt
005 - DATE AND TIME OF LATEST TRANSACTION
- control field: 20230622113244.0
008 - FIXED-LENGTH DATA ELEMENTS
- fixed length control field: 230622|| aca||aabn | a|a d
040 ## - CATALOGING SOURCE
- Original cataloging agency: OSt
- Transcribing agency: OSt
100 ## - HEADING--PERSONAL NAME
- Personal name: Ferdico, John N
670 ## - SOURCE DATA FOUND
- Source citation: Work cat.: (OSt)0: Ferdico, John N., Criminal procedure for the criminal justice professional /, 2013.
